| 000 | 00974nam a2200265 c 4500 | ||
|---|---|---|---|
| 003 | BLK | ||
| 005 | 20180422114612.0 | ||
| 008 | 180411b bul|||||r ||||||| ||bul|| | ||
| 010 | _aKNG00181977000 | ||
| 040 | _aBLK | ||
| 041 |
_aBUL _cBUL |
||
| 080 |
_aБългарска литература _b821.163.2 _x-4 _z821.163.2-4 |
||
| 100 | 1 |
_aСтефанова, Невена Борисова _eпърви автор _9366862 |
|
| 139 |
_aСтефанова, Невена Борисова _bС 75 |
||
| 245 | 1 | 0 |
_aРомантично пътешествие _bПътеписи и очерки из България _cНевена Борисова Стефанова. |
| 257 | _aBGR | ||
| 260 |
_аСофия _bБълг. писател _c1959 |
||
| 300 |
_a163 с., 8 л. _bил. _c24 см |
||
| 380 | _aX | ||
| 852 | _aЦб 13804 | ||
| 856 | 4 |
_qpdf _u |
|
| 856 | 4 |
_qpdf _u |
|
| 942 |
_cKNG _n0 |
||
| 944 |
_aCR _c16.09.2015 _kКамелия_Данева |
||
| 944 |
_aED _c25.09.2017 _kВася_Ганчева |
||
| 999 |
_c173564 _d173564 |
||